LEADER 01157nam a2200289 i 4500 001 000000345990 003 CaOOAMICUS 005 20220513121353.0 008 210513s2021 it u000 u ita u 013 $a235445 020 $a978-88-315-5365-0 040 $aSeMil$bita 041 1 $aita$acop 245 00$aVangelo di Filippo /$ca cura di Francesco Berno. 264 1$aMilano :$bPaoline,$c2021. 300 $a277 p. ;$c21 cm 490 1 $aLetture cristiane del primo millennio ;$v61 546 $aTesto italiano e copto a fronte 650 4$aBibbia - Apocrifi NT - Vangelo di Filippo.$0(OLS)http://semarc/subject/12038 700 1 $aBerno, Francesco,$d<1989- >.$0(OLS)http://semarc/name/113857 830 0$aLetture cristiane del primo millennio ;$v61.$0(OLS)http://semarc/title/7869 850 $aSeMil 852 $aSeMil$W1$xVenegono$y1$m2NA H 61$j251994$B237031$CSeMilBibl$Z2$F237031 $81 996 $6020$a978-88-315-5365-0$9(OLS)http://semarc/number/293205 996 $6245$aVangelo di Filippo$9(OLS)http://semarc/title/435180 996 $6264$aMilano :$bPaoline$9(OLS)http://semarc/publisher/29684 LEADER 01126nam a2200301 i 4500 001 000000127093 003 CaOOAMICUS 005 20070307000000.0 008 070307s1995 it u000 u ita u 013 $a99801 020 $a88-15-05076-0 040 $aSeMil$bita 100 1 $aPanebianco, Angelo.$0(OLS)http://semarc/name/52831 245 13$aIl prezzo della libertà /$cAngelo Panebianco. 260 $aBologna :$bIl Mulino,$ccopyr. 1995. 300 $a64 p. ;$c18 cm. 490 0 $aTendenze ;$v3 500 $aFondo Card. C.M. Martini. 650 4$aLibertà.$0(OLS)http://semarc/subject/2732 650 4$aDemocrazia.$0(OLS)http://semarc/subject/359 830 0$aTendenze [Il mulino] ;$v3.$0(OLS)http://semarc/title/9410 850 $aSeMil 852 $aSeMil$W1$xVenegono$y1$m3N I 617$j81419$B81419$CSeMilBibl$Z2$F123642 $81 941 1 $a4 961 $aOmaggio: Martini Card. Carlo Maria 996 $6020$a88-15-05076-0$9(OLS)http://semarc/number/113432 996 $6245$aIl prezzo della libertà$9(OLS)http://semarc/title/187502 996 $6260$aBologna :$bIl Mulino$9(OLS)http://semarc/publisher/29842